[Event "V Floripa Chess Open 2019"]
[Site "Florianopolis/SC"]
[Date "2019.01.26"]
[Round "8.15"]
[White "Coro, Lucas"]
[Black "Pereira, Geanfrancesco"]
[Result "1-0"]
[WhiteElo "2325"]
[BlackElo "2028"]
[PlyCount "96"]
[EventDate "2019.01.21"]
[EventRounds "10"]
[EventCountry "BRA"]

1. e4 e5 2. Nf3 Nc6 3. Bb5 d6 4. d4 exd4 5. Qxd4 Bd7 6. Bxc6 Bxc6 7. Nc3 Qf6 8. Qd3 h6 9. O-O Ne7 10. Nd4 a6 11. Nxc6 bxc6 12. Be3 Ng6 13. Qc4 Ne5 14. Qa4 g5 15. f4 gxf4 16. Bxf4 Qe6 17. Nd5 O-O-O 18. Bxe5 dxe5 19. Rf6 cxd5 20. Rxe6 fxe6 21. Qxa6+ Kd7 22. Qb5+ Kc8 23. Qc6 Bd6 24. exd5 exd5 25. Qxd5 Rhe8 26. Rf1 e4 27. Qa8+ Kd7 28. Qa4+ Kc8 29. Qa6+ Kb8 30. Rf5 c5 31. Qb6+ Kc8 32. Rf7 Be7 33. Qc6+ Kb8 34. Qxe4 Rd1+ 35. Rf1 Rd4 36. Qe5+ Ka8 37. a4 Rd2 38. Qe4+ Kb8 39. Re1 Rd7 40. a5 c4 41. Kh1 Red8 42. Qxc4 Rc7 43. Qf4 Bg5 44. Qb4+ Rb7 45. Qc5 Re7 46. Qb6+ Rb7 47. Qc6 Rc7 48. Qf3 Rxc2 1-0

[Event "V Floripa Chess Open 2019"]
[Site "Florianopolis/SC"]
[Date "2019.01.26"]
[Round "8.16"]
[White "De Vjunior, Liduino Furtado"]
[Black "Mussanti, Diego"]
[Result "1-0"]
[WhiteElo "2052"]
[BlackElo "2352"]
[PlyCount "42"]
[EventDate "2019.01.21"]
[EventRounds "10"]
[EventCountry "BRA"]

1. e4 c5 2. Nf3 e6 3. d4 cxd4 4. Nxd4 Nc6 5. Nxc6 bxc6 6. Bd3 d5 7. O-O Nf6 8. Nd2 Be7 9. b3 O-O 10. Bb2 a5 11. c4 a4 12. Qc2 h6 13. Rad1 axb3 14. axb3 Qb6 15. exd5 cxd5 16. Rfe1 Bb7 17. cxd5 Bxd5 18. Nc4 Qb7 19. Bf1 Be4 20. Qe2 Bh7 21. Qe3 Bb4 1-0

[Event "V Floripa Chess Open 2019"]
[Site "Florianopolis/SC"]
[Date "2019.01.26"]
[Round "8.17"]
[White "Awoki, Daniel Teidi"]
[Black "Souza, Adwilhans Luciano"]
[Result "0-1"]
[WhiteElo "2143"]
[BlackElo "2368"]
[PlyCount "84"]
[EventDate "2019.01.21"]
[EventRounds "10"]
[EventCountry "BRA"]

1. e4 e5 2. Nf3 Nc6 3. Bc4 Nf6 4. d3 Bc5 5. Nc3 a6 6. Bg5 h6 7. Bxf6 Qxf6 8. Nd5 Qd8 9. c3 d6 10. d4 exd4 11. cxd4 Ba7 12. h3 Ne7 13. Nf4 c6 14. Bd3 d5 15. e5 Nf5 16. e6 Bxe6 17. Nxe6 fxe6 18. g4 Nh4 19. Nxh4 Qxh4 20. Qe2 Kd7 21. O-O-O Rhf8 22. Rhe1 Rae8 23. Rf1 Rf4 24. Kb1 Qf6 25. Bxa6 bxa6 26. Qxa6 Bxd4 27. Qb7+ Kd6 28. Rc1 c5 29. b4 c4 30. Rc2 Qe7 31. Qa6+ Ke5 32. Re2+ Kf6 33. a3 Kf7 34. Qc6 Qa7 35. Qd6 Rf3 36. Rxe6 Rxe6 37. Qxd5 Rb3+ 38. Kc2 Rc3+ 39. Kb1 Qxa3 40. Qd7+ Kf8 41. Qd8+ Re8 42. Qd6+ Kg8 0-1

[Event "V Floripa Chess Open 2019"]
[Site "Florianopolis/SC"]
[Date "2019.01.26"]
[Round "8.18"]
[White "Menna Barreto, Luiz Ney"]
[Black "De Carvalho, Christopher"]
[Result "1/2-1/2"]
[WhiteElo "2327"]
[BlackElo "2131"]
[PlyCount "29"]
[EventDate "2019.01.21"]
[EventRounds "10"]
[EventCountry "BRA"]

1. Nf3 Nf6 2. c4 e6 3. d4 d5 4. Nc3 dxc4 5. e3 a6 6. a4 b6 7. Bxc4 Bb7 8. O-O Bb4 9. Qe2 Nbd7 10. Bd2 O-O 11. Ne4 Qe7 12. Nxf6+ Nxf6 13. Bxb4 Qxb4 14. Rfc1 Rfc8 15. Ne5 1/2-1/2

[Event "V Floripa Chess Open 2019"]
[Site "Florianopolis/SC"]
[Date "2019.01.26"]
[Round "8.19"]
[White "Goncalves, Davi Sulzbacher"]
[Black "Osipi, Jair"]
[Result "1/2-1/2"]
[WhiteElo "2313"]
[BlackElo "2126"]
[PlyCount "49"]
[EventDate "2019.01.21"]
[EventRounds "10"]
[EventCountry "BRA"]

1. d4 Nf6 2. Nf3 g6 3. c4 Bg7 4. Nc3 d5 5. cxd5 Nxd5 6. e4 Nxc3 7. bxc3 c5 8. Be3 O-O 9. Qd2 cxd4 10. cxd4 Nc6 11. Rd1 Bg4 12. Be2 Qa5 13. O-O Qxd2 14. Rxd2 Rfc8 15. Rc1 a6 16. h3 Bxf3 17. gxf3 Nd8 18. Rb1 b5 19. d5 Nb7 20. a4 Nd6 21. axb5 axb5 22. Rdd1 Rab8 23. Bd3 Nc4 24. Bxc4 Rxc4 25. e5 1/2-1/2

[Event "V Floripa Chess Open 2019"]
[Site "Florianopolis/SC"]
[Date "2019.01.26"]
[Round "8.20"]
[White "Do Valle Cardoso, Lucas"]
[Black "Belmonte, Diego Mariano"]
[Result "1-0"]
[WhiteElo "2143"]
[BlackElo "2309"]
[PlyCount "127"]
[EventDate "2019.01.21"]
[EventRounds "10"]
[EventCountry "BRA"]

1. e4 e5 2. Nf3 Nc6 3. Bb5 a6 4. Bxc6 dxc6 5. O-O Bg4 6. h3 h5 7. d3 Qf6 8. Nbd2 g5 9. Nc4 Bxf3 10. Qxf3 Qxf3 11. gxf3 f6 12. Be3 O-O-O 13. Rad1 c5 14. c3 Rh7 15. d4 cxd4 16. cxd4 exd4 17. Rxd4 Rxd4 18. Bxd4 Rd7 19. Be3 b5 20. Na5 Bd6 21. Rc1 Ne7 22. Kf1 Bb4 23. Nb3 Ng6 24. Ke2 h4 25. a3 Be7 26. Nd4 Ne5 27. Nf5 Kb7 28. Rc2 Nc4 29. f4 Bd8 30. f3 c6 31. Bc1 gxf4 32. Bxf4 Bc7 33. Bxc7 Kxc7 34. f4 Nd6 35. Nd4 Nxe4 36. Rxc6+ Kb7 37. Ke3 Nd6 38. Rc2 Nc4+ 39. Ke4 Re7+ 40. Kf3 Re3+ 41. Kg4 Rd3 42. Nf5 Rb3 43. Kxh4 Nxb2 44. Kg4 Nc4 45. h4 Rxa3 46. h5 Ra1 47. Rh2 Rg1+ 48. Ng3 Nd6 49. Re2 b4 50. h6 Rxg3+ 51. Kxg3 Nf5+ 52. Kg4 Nxh6+ 53. Kh5 Nf5 54. Kg6 Nd4 55. Rd2 Ne6 56. f5 Nc5 57. Rd1 a5 58. Kxf6 Kc6 59. Ke7 Ne4 60. Rd4 Ng5 61. Rg4 Nf3 62. f6 Kc5 63. Rf4 Nd2 64. f7 1-0

[Event "V Floripa Chess Open 2019"]
[Site "Florianopolis/SC"]
[Date "2019.01.26"]
[Round "8.21"]
[White "Aranha Filho, Alvaro Z."]
[Black "Diaz, Fernando"]
[Result "1/2-1/2"]
[WhiteElo "2294"]
[BlackElo "2095"]
[PlyCount "74"]
[EventDate "2019.01.21"]
[EventRounds "10"]
[EventCountry "BRA"]

1. d4 Nf6 2. Nf3 e6 3. c4 c5 4. d5 exd5 5. cxd5 d6 6. Nc3 g6 7. g3 Bg7 8. Bg2 a6 9. a4 O-O 10. O-O Nbd7 11. Bf4 Qc7 12. h3 Nh5 13. Bd2 Ne5 14. Nxe5 Bxe5 15. Kh2 f5 16. f4 Bg7 17. Qb3 Nf6 18. Qc4 Bd7 19. a5 b5 20. axb6 Qxb6 21. Ra2 Rfe8 22. Rfa1 a5 23. e3 Rab8 24. Qe2 Ra8 25. Qd1 Ra7 26. Ra3 Rb8 27. R1a2 Ne8 28. e4 fxe4 29. Nxe4 Bxb2 30. Rxa5 Rxa5 31. Bxa5 Qb3 32. Qxb3 Rxb3 33. Nd2 Rb7 34. Nc4 Bd4 35. Bd2 Bb5 36. Ne3 Bd3 37. g4 Nf6 1/2-1/2

[Event "V Floripa Chess Open 2019"]
[Site "Florianopolis/SC"]
[Date "2019.01.26"]
[Round "8.22"]
[White "Souza, Rafael Cabral De"]
[Black "De Borba, Guilherme"]
[Result "0-1"]
[WhiteElo "2142"]
[BlackElo "2293"]
[PlyCount "66"]
[EventDate "2019.01.21"]
[EventRounds "10"]
[EventCountry "BRA"]

1. e4 c5 2. Nf3 e6 3. d4 cxd4 4. Nxd4 Nf6 5. Nc3 d6 6. Rg1 Nc6 7. g4 Be7 8. g5 Nd7 9. Be3 Nc5 10. h4 Bd7 11. Qd2 Nxd4 12. Bxd4 O-O 13. f4 Rc8 14. O-O-O b5 15. b4 Na4 16. Nxa4 bxa4 17. Bb2 a3 18. Bxa3 a5 19. b5 d5 20. Bb2 Qc7 21. exd5 Bb4 22. c3 exd5 23. Kb1 Bc5 24. Rg3 Rfd8 25. Bh3 Bxh3 26. Rxh3 a4 27. a3 Rb8 28. Rd3 Rxb5 29. Rxd5 Rxd5 30. Qxd5 Rb8 31. Ka2 Qb6 32. Ba1 Be7 33. f5 Rd8 0-1

[Event "V Floripa Chess Open 2019"]
[Site "Florianopolis/SC"]
[Date "2019.01.26"]
[Round "8.23"]
[White "Pirola, Claudionor Alcides "]
[Black "Cadilhac, Igor Tokuichi Kikuc"]
[Result "1-0"]
[WhiteElo "2130"]
[BlackElo "2277"]
[PlyCount "83"]
[EventDate "2019.01.21"]
[EventRounds "10"]
[EventCountry "BRA"]

1. d4 Nf6 2. c4 e6 3. Nc3 Bb4 4. g3 O-O 5. Bg2 d5 6. a3 Bxc3+ 7. bxc3 dxc4 8. Qa4 Bd7 9. Qxc4 Bc6 10. f3 Bd5 11. Qd3 c5 12. e4 Bc6 13. Ne2 Qa5 14. O-O cxd4 15. Nxd4 Rd8 16. Qc4 Be8 17. Be3 Na6 18. Nb3 Qh5 19. Nd4 Rac8 20. Qb3 Qa5 21. Rfc1 Nc5 22. Qb4 Qc7 23. Bf1 a5 24. Qc4 e5 25. Nb5 Qe7 26. Na7 Rc7 27. Nb5 Bxb5 28. Qxb5 a4 29. Rd1 Rdc8 30. Rab1 Ncxe4 31. fxe4 Nxe4 32. Qb4 Qxb4 33. Rxb4 f5 34. c4 g5 35. Rd5 Re8 36. Bd3 Nc3 37. Bxf5 Nxd5 38. cxd5 Rc3 39. Bxg5 Rxa3 40. Rxb7 Rf3 41. Bxh7+ Kh8 42. Be4 1-0

[Event "V Floripa Chess Open 2019"]
[Site "Florianopolis/SC"]
[Date "2019.01.26"]
[Round "8.24"]
[White "Villalba, Marcelo"]
[Black "Carstens Dobuchak, Thiago"]
[Result "1/2-1/2"]
[WhiteElo "2276"]
[BlackElo "2121"]
[PlyCount "33"]
[EventDate "2019.01.21"]
[EventRounds "10"]
[EventCountry "BRA"]

1. Nf3 c5 2. c4 Nc6 3. g3 g6 4. Bg2 Bg7 5. Nc3 e5 6. d3 Nge7 7. Nd2 O-O 8. Nf1 a6 9. Ne3 Rb8 10. a4 d6 11. Ned5 h6 12. Rb1 a5 13. h4 Be6 14. h5 g5 15. f4 g4 16. e4 f5 17. Be3 1/2-1/2

[Event "V Floripa Chess Open 2019"]
[Site "Florianopolis/SC"]
[Date "2019.01.26"]
[Round "8.26"]
[White "Pereira, Silvio Cunha"]
[Black "Souza Neves, Andrey M."]
[Result "1-0"]
[WhiteElo "2258"]
[BlackElo "2086"]
[PlyCount "63"]
[EventDate "2019.01.21"]
[EventRounds "10"]
[EventCountry "BRA"]

1. e4 c6 2. Nc3 d5 3. Nf3 Nf6 4. e5 Ne4 5. Bd3 Nc5 6. Be2 d4 7. b4 dxc3 8. bxc5 cxd2+ 9. Bxd2 Bg4 10. Ng5 Bxe2 11. Qxe2 e6 12. Ne4 Nd7 13. Nd6+ Bxd6 14. cxd6 Qb6 15. f4 O-O 16. Qc4 Kh8 17. Ke2 f6 18. Rab1 Qd8 19. Rxb7 fxe5 20. Qxc6 Rf7 21. Rhb1 Qe8 22. fxe5 Rd8 23. Bg5 Rf5 24. Bxd8 Qh5+ 25. Kd2 Rxe5 26. Rxd7 Qe2+ 27. Kc3 Qe3+ 28. Kb2 Rc5 29. Qf3 Qd4+ 30. c3 Qd2+ 31. Ka1 Rf5 32. Bg5 1-0

[Event "V Floripa Chess Open 2019"]
[Site "Florianopolis/SC"]
[Date "2019.01.26"]
[Round "8.27"]
[White "Heinechen, Juan"]
[Black "Muniz, Rafael"]
[Result "1-0"]
[WhiteElo "2105"]
[BlackElo "2236"]
[PlyCount "44"]
[EventDate "2019.01.21"]
[EventRounds "10"]
[EventCountry "BRA"]

1. e4 c5 2. Nf3 d6 3. Bb5+ Bd7 4. Bxd7+ Qxd7 5. O-O Nf6 6. Qe2 Nc6 7. Rd1 g5 8. c3 g4 9. Ne1 Qe6 10. d3 d5 11. Bg5 O-O-O 12. Nd2 Rg8 13. Bh4 Bh6 14. Nf1 Nh5 15. Qc2 Kb8 16. Qb3 Ka8 17. Nc2 c4 18. dxc4 dxc4 19. Qb5 Nf4 20. Nfe3 Ne5 21. Rxd8+ Rxd8 22. Nd5 Qd6 1-0

[Event "V Floripa Chess Open 2019"]
[Site "Florianopolis/SC"]
[Date "2019.01.26"]
[Round "8.28"]
[White "Santos Filho, Tadeu Sousa"]
[Black "Teixeira, Ricardo Da Silva"]
[Result "0-1"]
[WhiteElo "2086"]
[BlackElo "2228"]
[PlyCount "82"]
[EventDate "2019.01.21"]
[EventRounds "10"]
[EventCountry "BRA"]

1. e4 e6 2. d4 d5 3. exd5 exd5 4. Nf3 Nf6 5. Qe2+ Be7 6. Nc3 O-O 7. Ne5 Re8 8. Be3 c5 9. O-O-O cxd4 10. Rxd4 Bc5 11. Nxf7 Kxf7 12. Rxd5 Bxe3+ 13. fxe3 Qe7 14. Rd3 Nbd7 15. e4 Kg8 16. h3 Ne5 17. Rd4 Be6 18. g4 Qc5 19. Qd1 Nc6 20. Ra4 Red8 21. Qe1 Nd7 22. Nb5 Nb6 23. Ra3 Bc4 24. Nc3 Bxf1 25. Rxf1 Nc4 26. Rb3 Qg5+ 27. Kb1 Nd2+ 28. Ka1 Nxb3+ 29. cxb3 Nb4 30. Qe2 Rac8 31. a3 Nd3 32. h4 Qe7 33. g5 Rxc3 34. bxc3 Qxa3+ 35. Qa2 Qxa2+ 36. Kxa2 Nc5 37. Re1 Re8 38. e5 Nd3 39. Rd1 Nxe5 40. Rd5 Kf7 41. h5 Ke6 0-1

[Event "V Floripa Chess Open 2019"]
[Site "Florianopolis/SC"]
[Date "2019.01.26"]
[Round "8.29"]
[White "Burgos, Marcelo Alves"]
[Black "Cantero, Rodolfo"]
[Result "1/2-1/2"]
[WhiteElo "2198"]
[BlackElo "2055"]
[PlyCount "65"]
[EventDate "2019.01.21"]
[EventRounds "10"]
[EventCountry "BRA"]

1. Nf3 d6 2. d4 Bg4 3. c4 e6 4. Nc3 Nd7 5. e4 Be7 6. Be2 e5 7. Be3 Bxf3 8. Bxf3 Bg5 9. Qd2 Bxe3 10. Qxe3 Ne7 11. dxe5 dxe5 12. O-O-O Nc6 13. Nb5 a5 14. g4 h6 15. Nc3 a4 16. g5 Nd4 17. Bg4 Nb6 18. Be2 Qe7 19. Kb1 O-O-O 20. Rhg1 Kb8 21. Nd5 Qd6 22. f4 f6 23. gxf6 gxf6 24. Rg6 Nxd5 25. cxd5 Nxe2 26. Qxe2 exf4 27. Qg4 Qe5 28. Qf5 Rdf8 29. Qxe5 fxe5 30. Rg7 Rf6 31. Rc1 c6 32. dxc6 bxc6 33. Rcg1 1/2-1/2

[Event "V Floripa Chess Open 2019"]
[Site "Florianopolis/SC"]
[Date "2019.01.26"]
[Round "8.30"]
[White "Librelato, Kathie Goulart"]
[Black "Carvalho, Rafael Cunha De"]
[Result "1-0"]
[WhiteElo "2187"]
[BlackElo "2071"]
[PlyCount "179"]
[EventDate "2019.01.21"]
[EventRounds "10"]
[EventCountry "BRA"]

1. Nf3 Nf6 2. g3 g6 3. Bg2 Bg7 4. O-O O-O 5. c4 c5 6. d4 cxd4 7. Nxd4 Nc6 8. Nc3 Nxd4 9. Qxd4 d6 10. Qd3 Qa5 11. Bd2 Qh5 12. b3 Rb8 13. Rac1 Bd7 14. h4 Rfc8 15. Bg5 h6 16. Bxf6 Bxf6 17. Nd5 Bc6 18. Bh3 Re8 19. Nxf6+ exf6 20. Rfe1 Rbd8 21. e4 Qc5 22. Bg2 Kg7 23. Rcd1 h5 24. Qd2 a5 25. Kh2 b6 26. Qb2 Qe5 27. Rd4 Qc5 28. Red1 Qe5 29. Qd2 Qc5 30. Qf4 Re5 31. Qd2 Ree8 32. f3 f5 33. exf5 Qxf5 34. Rd3 Kh7 35. Qf2 Ba8 36. Qxb6 Rb8 37. Qf2 a4 38. Qd2 axb3 39. axb3 Qe5 40. Qc3 Qxc3 41. Rxc3 Rb6 42. Bf1 Reb8 43. Rdd3 Kg7 44. Kg1 Kf8 45. Kf2 Ke7 46. Ke3 Rb4 47. Kd2 Bc6 48. Re3+ Kd7 49. Rcd3 Ra8 50. Kc3 Rab8 51. Kc2 Ra8 52. Kb2 Rab8 53. Ka3 R4b7 54. Rd2 Ra7+ 55. Kb2 Rba8 56. Kc3 Ra1 57. Bh3+ f5 58. Red3 d5 59. cxd5 Bb5 60. Re3 Rg1 61. Bg2 Raa1 62. d6 Rae1 63. Rxe1 Rxe1 64. Kb4 Bc6 65. Kc3 Rc1+ 66. Kb2 Re1 67. b4 Rg1 68. Kc3 Rc1+ 69. Kd4 Kxd6 70. Ke3+ Ke7 71. Kf4 Rc4+ 72. Kg5 Be8 73. b5 f4 74. Bf1 Rc5+ 75. Kxf4 Bxb5 76. Bh3 Be8 77. Rd4 Rb5 78. Re4+ Kf8 79. Re5 Rxe5 80. Kxe5 Ke7 81. Bf1 Bf7 82. f4 Be8 83. Bc4 Bd7 84. Bd5 Be8 85. Be4 Kf7 86. f5 gxf5 87. Kxf5 Kg7 88. Kg5 Bf7 89. Bf3 Be8 90. Bxh5 1-0

[Event "V Floripa Chess Open 2019"]
[Site "Florianopolis/SC"]
[Date "2019.01.26"]
[Round "8.31"]
[White "Bueno, Alfeu Junior Varela"]
[Black "Cordero, Daniela"]
[Result "1-0"]
[WhiteElo "2179"]
[BlackElo "2053"]
[PlyCount "65"]
[EventDate "2019.01.21"]
[EventRounds "10"]
[EventCountry "BRA"]

1. e4 e6 2. d4 d5 3. Nd2 c5 4. exd5 exd5 5. Bb5+ Bd7 6. Qe2+ Qe7 7. Bxd7+ Nxd7 8. dxc5 Nxc5 9. Nb3 Qxe2+ 10. Nxe2 Nf6 11. Be3 Ne6 12. O-O-O Be7 13. Nc3 Rd8 14. Bxa7 O-O 15. a3 Rd7 16. Rhe1 Rc8 17. Nd4 Ra8 18. Ncb5 b6 19. Bxb6 Ra6 20. Nxe6 Rxb6 21. Ned4 Rdb7 22. a4 g6 23. f3 Ra6 24. b3 Nh5 25. g3 Bf6 26. Re8+ Kg7 27. Ne2 Be7 28. Rc8 Nf6 29. Nf4 Rd7 30. Rc7 Ba3+ 31. Kb1 Rxc7 32. Nxc7 Rc6 33. Nfxd5 1-0

[Event "V Floripa Chess Open 2019"]
[Site "Florianopolis/SC"]
[Date "2019.01.26"]
[Round "8.32"]
[White "Souza, Iago Henrique Da Si"]
[Black "Borges, Guilherme Deola"]
[Result "0-1"]
[WhiteElo "2060"]
[BlackElo "2171"]
[PlyCount "126"]
[EventDate "2019.01.21"]
[EventRounds "10"]
[EventCountry "BRA"]

1. d4 Nf6 2. Nf3 e6 3. e3 c5 4. Bd3 Nc6 5. O-O Be7 6. b3 O-O 7. Bb2 b6 8. Nbd2 Bb7 9. a3 cxd4 10. exd4 Nd5 11. g3 h6 12. Qe2 Nf6 13. Ne5 d6 14. Nxc6 Bxc6 15. Ne4 Nxe4 16. Bxe4 Bxe4 17. Qxe4 d5 18. Qd3 Qd7 19. f4 g6 20. Rae1 Rac8 21. Re2 b5 22. Rfe1 Bd6 23. Qf3 Qc7 24. Qd3 a6 25. Qd2 h5 26. Rf1 a5 27. f5 exf5 28. Rxf5 Rfe8 29. Rff2 Bf8 30. Qd3 Qd7 31. Kg2 a4 32. b4 Rxe2 33. Rxe2 Re8 34. Bc1 Rxe2+ 35. Qxe2 f6 36. Qd3 Kf7 37. Bd2 Qe8 38. Kf3 Bd6 39. h3 Qd7 40. Kg2 Bf8 41. Bf4 Qe8 42. Kf3 Bg7 43. Qc3 g5 44. Be3 Qe4+ 45. Kf2 Qh1 46. Qc7+ Kg6 47. Qc8 Qe4 48. Qc6 h4 49. g4 Bf8 50. Qxb5 Qxc2+ 51. Kf3 Qe4+ 52. Kf2 Qc2+ 53. Kf3 Qh2 54. Qe8+ Kg7 55. Qd7+ Kh8 56. Qf7 Qxh3+ 57. Kf2 Qg3+ 58. Kf1 Qf3+ 59. Bf2 Qd1+ 60. Be1 Qd3+ 61. Kg2 Qe2+ 62. Kh3 Qf1+ 63. Kh2 Bd6+ 0-1

[Event "V Floripa Chess Open 2019"]
[Site "Florianopolis/SC"]
[Date "2019.01.26"]
[Round "8.33"]
[White "Starke, Bruno Orlando"]
[Black "Acosta, Pablo Alejandro"]
[Result "1/2-1/2"]
[WhiteElo "2170"]
[BlackElo "1981"]
[PlyCount "23"]
[EventDate "2019.01.21"]
[EventRounds "10"]
[EventCountry "BRA"]

1. c4 e6 2. Nf3 d5 3. g3 Nf6 4. Bg2 Be7 5. O-O O-O 6. Qc2 c5 7. cxd5 exd5 8. d3 b6 9. a3 Bb7 10. Nc3 Nbd7 11. Rd1 Rc8 12. e4 1/2-1/2

[Event "V Floripa Chess Open 2019"]
[Site "Florianopolis/SC"]
[Date "2019.01.26"]
[Round "8.34"]
[White "Rueda, Joaquin"]
[Black "De Lima, Alexsandro Barros"]
[Result "0-1"]
[WhiteElo "1961"]
[BlackElo "2168"]
[PlyCount "91"]
[EventDate "2019.01.21"]
[EventRounds "10"]
[EventCountry "BRA"]

1. e4 c5 2. Nf3 e6 3. d4 cxd4 4. Nxd4 a6 5. Bd3 Nf6 6. Nc3 Qc7 7. O-O Nc6 8. Nxc6 dxc6 9. f4 Bc5+ 10. Kh1 e5 11. Qf3 Bg4 12. Qg3 h5 13. fxe5 h4 14. Qf4 Nh5 15. Qxg4 Ng3+ 16. hxg3 hxg3+ 17. Qh3 Rxh3+ 18. gxh3 Qxe5 19. Bf4 Qh5 20. Kg2 Bf2 21. Be2 Qh4 22. Bg4 Rd8 23. Rad1 Qe7 24. Rxd8+ Qxd8 25. Rd1 Qb6 26. b3 Be1 27. Bxg3 Bxg3 28. Kxg3 Qe3+ 29. Bf3 Qxc3 30. Rf1 Qxc2 31. Rf2 Qd3 32. Kg2 a5 33. e5 Ke7 34. Re2 a4 35. bxa4 Qc4 36. Rb2 Qxa4 37. Rxb7+ Ke8 38. Rb2 Qd4 39. Re2 c5 40. Bh5 g6 41. Bg4 Ke7 42. Bf3 c4 43. Bc6 c3 44. Be4 Qxe5 45. Kf3 Qh5+ 46. Kf2 0-1

[Event "V Floripa Chess Open 2019"]
[Site "Florianopolis/SC"]
[Date "2019.01.26"]
[Round "8.35"]
[White "Borges, Wagner Da Silva"]
[Black "Japiassu, Ricardo De Villa No"]
[Result "1-0"]
[WhiteElo "2156"]
[BlackElo "1956"]
[PlyCount "103"]
[EventDate "2019.01.21"]
[EventRounds "10"]
[EventCountry "BRA"]

1. d4 Nf6 2. Nf3 c5 3. c3 b6 4. Bf4 Bb7 5. e3 g6 6. Nbd2 Bg7 7. Be2 O-O 8. h3 d6 9. O-O Nbd7 10. Bh2 a6 11. a4 Qc7 12. Rc1 Bc6 13. b4 cxb4 14. cxb4 Qb7 15. b5 axb5 16. axb5 Bd5 17. Bc4 Rfc8 18. Qb3 Bxc4 19. Rxc4 Rxc4 20. Qxc4 Rc8 21. Qb3 Qd5 22. Qb1 Rc3 23. e4 Qa8 24. e5 Ne8 25. exd6 exd6 26. Bxd6 Nxd6 27. Ne4 Ra3 28. Nxd6 Rxf3 29. gxf3 Qxf3 30. Qe4 Qxh3 31. Qe8+ Bf8 32. Qxf7+ Kh8 33. Ne4 Qg4+ 34. Ng3 h5 35. Re1 h4 36. Re4 Qh3 37. Nf1 Bg7 38. Qxg6 Nf6 39. Re7 Qg4+ 40. Qxg4 Nxg4 41. Re4 Nf6 42. Rxh4+ Kg8 43. Ne3 Kf7 44. Kf1 Ke6 45. Ke2 Ne8 46. Re4+ Kd7 47. Kd3 Nd6 48. Rg4 Bf6 49. Nd5 Bd8 50. Rg6 Nxb5 51. Nxb6+ Ke7 52. Nc8+ 1-0

[Event "V Floripa Chess Open 2019"]
[Site "Florianopolis/SC"]
[Date "2019.01.26"]
[Round "8.36"]
[White "Britez, G Jorge A"]
[Black "Luz, Arthur Nader"]
[Result "0-1"]
[WhiteElo "1812"]
[BlackElo "2154"]
[PlyCount "72"]
[EventDate "2019.01.21"]
[EventRounds "10"]
[EventCountry "BRA"]

1. e4 e6 2. d4 d5 3. Nd2 Be7 4. Ngf3 Nf6 5. e5 Nfd7 6. Bd3 c5 7. c3 Nc6 8. O-O g5 9. Bb5 g4 10. Ne1 cxd4 11. cxd4 Nxd4 12. Nd3 Nxb5 13. Qxg4 Nc5 14. Nxc5 Bxc5 15. Qg7 Rf8 16. Nb3 Be7 17. a4 Nc7 18. Bh6 f6 19. Qxh7 Rf7 20. Qg6 Bf8 21. Bxf8 Kxf8 22. f4 Ne8 23. Nd4 Qb6 24. Rad1 f5 25. Rf3 Rg7 26. Qh6 Qxb2 27. Rg3 Kg8 28. Nf3 Qb6+ 29. Kh1 Rxg3 30. hxg3 Qc7 31. Qg6+ Kf8 32. Ng5 Qg7 33. Nxe6+ Bxe6 34. Qxe6 Qxg3 35. Qh6+ Kg8 36. Kg1 Ng7 0-1

[Event "V Floripa Chess Open 2019"]
[Site "Florianopolis/SC"]
[Date "2019.01.26"]
[Round "8.37"]
[White "Matsuura, Frederico"]
[Black "Reichert, Thiago Da Cruz"]
[Result "1-0"]
[WhiteElo "2248"]
[BlackElo "1976"]
[PlyCount "45"]
[EventDate "2019.01.21"]
[EventRounds "10"]
[EventCountry "BRA"]

1. Nf3 d5 2. c4 e6 3. d4 Nf6 4. Nc3 Be7 5. Bg5 O-O 6. Qc2 c6 7. e3 Nbd7 8. Rc1 h6 9. Bh4 Re8 10. a3 c5 11. cxd5 exd5 12. dxc5 Nxc5 13. Be2 Bg4 14. O-O Rc8 15. Rfd1 Nce4 16. Qa4 Bxf3 17. Bxf3 Nxc3 18. Rxc3 Rxc3 19. bxc3 a5 20. Bg3 Qc8 21. Be5 Rd8 22. Qxa5 Qf5 23. Bd4 1-0

[Event "V Floripa Chess Open 2019"]
[Site "Florianopolis/SC"]
[Date "2019.01.26"]
[Round "8.38"]
[White "Araujo, Adalberto Marcos"]
[Black "Volkmann, Andre Jordi"]
[Result "0-1"]
[WhiteElo "2213"]
[BlackElo "1955"]
[PlyCount "75"]
[EventDate "2019.01.21"]
[EventRounds "10"]
[EventCountry "BRA"]

1. Nf3 d5 2. c4 e6 3. d4 Nf6 4. Nc3 a6 5. Bg5 dxc4 6. e4 b5 7. e5 h6 8. Bh4 g5 9. Nxg5 hxg5 10. Bxg5 Be7 11. exf6 Bb4 12. h4 Nc6 13. g3 Qd5 14. Rg1 Qxd4 15. Bg2 Bxc3+ 16. bxc3 Qxc3+ 17. Kf1 Bb7 18. Rc1 Qa3 19. Rc2 Rd8 20. Rd2 Rxd2 21. Qxd2 c3 22. Qe3 b4 23. Qc5 Kd7 24. Be4 Qa4 25. Kg2 Rd8 26. Kh2 Kc8 27. h5 Qb5 28. Qxb5 axb5 29. Kg2 Ne5 30. Bxb7+ Kxb7 31. h6 Nd3 32. h7 c2 33. Rh1 Rh8 34. Kf3 c1=Q 35. Bxc1 Nxc1 36. Rxc1 Rxh7 37. g4 Rh6 38. Kf4 0-1

[Event "V Floripa Chess Open 2019"]
[Site "Florianopolis/SC"]
[Date "2019.01.26"]
[Round "8.39"]
[White "Ichimura G. Barbosa, Larissa Y."]
[Black "Barbosa, Fernando"]
[Result "1-0"]
[WhiteElo "1967"]
[BlackElo "2182"]
[PlyCount "73"]
[EventDate "2019.01.21"]
[EventRounds "10"]
[EventCountry "BRA"]

1. e4 d5 2. exd5 Nf6 3. c4 e6 4. dxe6 Bxe6 5. Nf3 Nc6 6. Be2 Bc5 7. O-O Qe7 8. d4 O-O-O 9. Be3 Rhe8 10. Qa4 Nxd4 11. Nxd4 Bxd4 12. Bxd4 Rxd4 13. Qxa7 c5 14. Nc3 Bd7 15. Bf3 Bc6 16. Bxc6 bxc6 17. Qa8+ Kd7 18. Qa7+ Kd6 19. Qb6 Kd7 20. b4 Rc8 21. bxc5 Qe6 22. Rad1 Rxd1 23. Rxd1+ Ke8 24. h3 Kf8 25. Rd8+ Rxd8 26. Qxd8+ Ne8 27. Qd4 Qe1+ 28. Kh2 h6 29. a4 Qa1 30. Qe5 Qa3 31. g3 Qb4 32. Qd4 Qa5 33. Kg2 Qb4 34. Ne4 Qxa4 35. Qd7 Qa8 36. Nd6 Nxd6 37. Qxd6+ 1-0

[Event "V Floripa Chess Open 2019"]
[Site "Florianopolis/SC"]
[Date "2019.01.26"]
[Round "8.40"]
[White "Zampronha, Wladimir Camilo"]
[Black "Moyses Sobrinho, Elias"]
[Result "1-0"]
[WhiteElo "2171"]
[BlackElo "1948"]
[PlyCount "85"]
[EventDate "2019.01.21"]
[EventRounds "10"]
[EventCountry "BRA"]

1. e4 e6 2. d4 d5 3. Nc3 Nf6 4. e5 Nfd7 5. f4 c5 6. Nf3 Nc6 7. Be3 Qb6 8. Na4 Qa5+ 9. c3 cxd4 10. b4 Nxb4 11. cxb4 Bxb4+ 12. Bd2 b5 13. Nb2 O-O 14. Bxb4 Qxb4+ 15. Qd2 Qc5 16. Qxd4 Qc2 17. Nd1 f6 18. Ne3 Qc7 19. Be2 fxe5 20. fxe5 Qa5+ 21. Qd2 Qb6 22. O-O Bb7 23. a4 bxa4 24. Rab1 Qc7 25. Rfc1 Qb8 26. Nd4 Nxe5 27. Nxe6 Rf7 28. Nc5 a5 29. Nxb7 Qa7 30. Nd6 Rd7 31. Nc8 Nc4 32. Bxc4 dxc4 33. Nxa7 Rxd2 34. Nxc4 Re2 35. Nc6 Rf8 36. Rf1 Rfe8 37. N6xa5 h5 38. Rf2 R2e6 39. Ra1 Rg6 40. h3 Re4 41. Kh2 h4 42. Rxa4 Re7 43. Kg1 1-0

[Event "V Floripa Chess Open 2019"]
[Site "Florianopolis/SC"]
[Date "2019.01.26"]
[Round "8.41"]
[White "Takano, Nicholas Ryo"]
[Black "Almeida, Gianluca Jorio"]
[Result "1-0"]
[WhiteElo "1954"]
[BlackElo "2157"]
[PlyCount "69"]
[EventDate "2019.01.21"]
[EventRounds "10"]
[EventCountry "BRA"]

1. e4 c5 2. Nf3 e6 3. d4 cxd4 4. Nxd4 a6 5. Nc3 Qc7 6. Bd3 Nf6 7. Qe2 d6 8. O-O Nbd7 9. Bd2 b6 10. Rae1 Bb7 11. Kh1 Nc5 12. f4 Nxd3 13. cxd3 Rd8 14. Qf2 h5 15. h3 b5 16. e5 dxe5 17. fxe5 Ng4 18. Qf4 Bc5 19. Nb3 Rxd3 20. Ne4 Bxe4 21. Rxe4 Bb6 22. Bb4 Qa7 23. Re2 Ne3 24. Rc1 Rd1+ 25. Rxd1 Nxd1 26. Rc2 Nf2+ 27. Kh2 Qb7 28. Rxf2 Bxf2 29. Qxf2 h4 30. Qc5 f6 31. Nd4 Qd7 32. Nf3 Kf7 33. exf6 gxf6 34. Bc3 Qe7 35. Ng5+ 1-0